Konjunkturní ukazatele.

Definícia hospodárskych cyklov. Kritériá uplatňované pri výbere konjunktúrnych ukazovateľov. Hlavné typy hospodárskych ukazovateľov, ktoré by mali pokryť cyklické ukazovatele. Rozdelenie cyklických ukazovateľov do troch kategórií. Zložené indexy a ich vývoj v USA. Konjunktúrny prieskum v priemysle....

ver descrição completa

Na minha lista:
Detalhes bibliográficos
Autor principal: Klokočník, O.
Formato: Capítulo de Livro
Idioma:tcheco
Assuntos:
Tags: Adicionar Tag
Sem tags, seja o primeiro a adicionar uma tag!

MARC

LEADER 00000naa a2200000 4500
001 r013053
005 20221205080132.0
041 0 |a cze 
044 |a CZ 
245 1 0 |a Konjunkturní ukazatele.  |c O. Klokočník 
520 |a Definícia hospodárskych cyklov. Kritériá uplatňované pri výbere konjunktúrnych ukazovateľov. Hlavné typy hospodárskych ukazovateľov, ktoré by mali pokryť cyklické ukazovatele. Rozdelenie cyklických ukazovateľov do troch kategórií. Zložené indexy a ich vývoj v USA. Konjunktúrny prieskum v priemysle. Výskum cyklických ukazovateľov USA v National Bureau of Economic Research (NBER). Prehľad ukazovateľov uvádzaných v hlavných konjunktúrnych štatistikách OECD a EUROSTAT. 
610 2 0 |a cykly hospodárske 
610 2 0 |a konjunktúra 
610 2 0 |a ukazovatele ekonomické 
610 2 0 |a indexy 
610 2 0 |a USA 
610 2 0 |a rady časové 
610 2 0 |a štatistika 
610 2 0 |a OECD 
610 2 0 |a EUROSTAT 
610 2 0 |a mechanizmus trhový 
610 2 0 |a zisťovanie štatistické 
100 1 |a Klokočník, O.